00628 2200193 4500001002100000005001500021035002000036245015100056100002300207250000600230300003800236700003500274260004100309082001000350084001600360020002200376600001900398990001700417INLIS00000000000175220241211104237 a0010-12240000021 aRockstar Teacher :bMenciptakan Kelas yang Bahagia dan Menyenangkan Ala Rockstar /cAsril Novian Alifi; Penyunting; Nurjannah Intan & Ikhdah Henny0 aAsril Novian Alifi a- axx + 118 hlm. :bilus. ;c20.5 cm0 aNurjannah Intan & Ikhdah Henny aYogyakarta :bBentang Pustaka,c2017 a371.3 a371.3 ASR r a978-602-291-420-4 4aMetode Belajar a05342/P/2024